000 00474nam a22001337a 4500
022 _a9879546717
080 _a347.79 Es 83
245 _aEstatuto de Dubrovnik del año 1272
_bLibro Séptimo: Derecho Marítimo Medieval de Dubrovnik
260 _aBuenos Aires
_bStudia Croática
_c2000
300 _a105 P.
650 _2IEDCYT
_xderecho marítimo
_x República de Dubrovnik
_xtransporte marítimo
_xcontratos marítimos
_xcomerciantes
942 _2cdu
945 _acd
_d2016-09-09
999 _c4419
_d234923